Jubileum PhDr. Kataríny Holbovej (25.10.1998)

Bibliographic Details
Main Author: Dano, Ján (Author)
Format: Article
Language:Slovak
PhysicalDescription:Fotogr.
ISSN:1335-1303
Subjects:

MARC

LEADER 00000nab a2200000 a 4500
001 vtls000675563
003 SK-MaSNL
005 20260304094854.0
008 250425c1998 xo 0 slo
015 |a SNBRB1998/10-29769 
035 |a CLN000027737 
035 |a urn:nbn:sk:snk-abig8 
035 |a (urnnbn)urn:nbn:sk:snk:ar-a039nh 
035 |a (uuid)bb61b01f-d52c-4cb9-83c3-2eec0a782f06 
040 |a SNKBUCL  |b slo  |c SNKBUCL  |e AACR2 
041 0 |a slo 
044 |a xo  |c SK 
080 |a 39-051  |2 1997 
080 |a 929 Holbová, Katarána  |2 1997 
100 1 |a Dano, Ján  |4 aut  |9 8921 
245 1 0 |a Jubileum PhDr. Kataríny Holbovej (25.10.1998)  |c Ján Dano 
300 |b Fotogr. 
504 |a Výberová bibliografia PhDr. Kataríny Holbovej 
600 1 7 |a Holbová, Katarína,  |d 1948-  |2 snkbucl  |9 106935 
655 7 |a články z novín a časopisov  |2 snkbucl  |9 267496 
773 0 |t Slovenský národopis  |g Roč. 46, č. 3 (1998), s. 386-389  |x 1335-1303 
850 |a Slovenská národná knižnica 
852 |a Slovenská národná knižnica 
954 |a odborná, vedecká literatúra pôvodná (slovenská)  |2 lita 
958 |a article27 
958 |a SK 
958 |a OND 
958 |a EUIPO 
992 |a RBX 
999 |c 2829395  |d 2831325